• 首页
  • 本馆介绍
  • 公告通知
  • 最新文献
  • 馆藏检索
  • 电子资源
  • 读者导购
  • 参考咨询
  • 我的图书馆
  • 登录
  • 详细信息显示
  • 放入我的书架
  • 预约/预借图书
  • 作者相关作品
  • 分类相关作品
  • 丛书相关作品
  • 出版社相关作品

书目信息

  • 表格格式
  • 工作单格式
  • 卡片格式
题名:
软件评测师考试考点分析与真题详解
    
 
作者: 张友生 主编
分册:  
出版信息: 北京   电子工业出版社  2005
页数: 13, 644页
开本: 26cm
丛书名:
单 册:
中图分类: TP311.56 , TP311.5
科图分类:
主题词: 软件--测试--考核--自学参考资料 , 软件
电子资源:
ISBN: 7-121-01829-2
000 01051nam0 2200265 450
001 07079000392
005 20070721111217.29
010    @a7-121-01829-2@dCNY58.00
100    @a20060210d2005 em y0chiy0110 ea
101 0  @achi
102    @aCN@b110000
105    @ak z 000yy
200 1  @a软件评测师考试考点分析与真题详解@Aruan jian ping ce shi kao shi kao dian fen xi yu zhen ti xiang jie@f张友生主编
210    @a北京@c电子工业出版社@d2005
215    @a13, 644页@c表格@d26cm
300    @a全国计算机技术与软件专业技术资格(水平)考试辅导教程
304    @a中国系统分析员顾问团组编
330    @a本书内容涵盖了最新的软件测试师考试大纲的所有知识点,包括计算机系统构成及硬件基础知识、程序语言基础知识、操作系统基础知识、数据库系统、计算机网络基础知识、软件工程基础知识、软件构件与中间件等,并配有相关例题和解答。
606 0  @a软件@x测试@x考核@j自学参考资料
606 0  @a软件
690    @aTP311.56@v4
690    @aTP311.5@v3
701  0 @a张友生@Azhang you sheng@c(计算机)@4主编
801  0 @aCN@bTAOJIN@c20070721
905    @a10447@dTP311.5@e430
    
    软件评测师考试考点分析与真题详解/张友生主编.-北京:电子工业出版社,2005
    13, 644页:表格;26cm
    全国计算机技术与软件专业技术资格(水平)考试辅导教程
    
    ISBN 7-121-01829-2:CNY58.00
    本书内容涵盖了最新的软件测试师考试大纲的所有知识点,包括计算机系统构成及硬件基础知识、程序语言基础知识、操作系统基础知识、数据库系统、计算机网络基础知识、软件工程基础知识、软件构件与中间件等,并配有相关例题和解答。
●
相关链接 在E读中查询图书 在五车中查询图书 在当当中查询图书 在豆瓣中查询图书


正题名:软件评测师考试考点分析与真题详解     索取号:TP311.5/430         预约/预借

序号 登录号 条形码 馆藏地/架位号 状态 备注
1 0822118   208221182   第二样本阅览室/ [索取号:TP311.5/430] 在馆    
2 0822119   208221191   第三借阅区/ [索取号:TP311.5/430] 在馆    
3 0822120   208221208   第三借阅区/ [索取号:TP311.5/430] 在馆    
4 0822121   208221217   第三借阅区/ [索取号:TP311.5/430] 在馆    
5 0822122   208221226   第三借阅区/ [索取号:TP311.5/430] 在馆    
唐山师范学院图书馆 欢迎您!
大连网信软件有限公司© 版权所有